La protesta agrorural en la Argentina /
Αποθηκεύτηκε σε:
| Κύριος συγγραφέας: | |
|---|---|
| Μορφή: | Κείμενο |
| Θέματα: | |
| Ετικέτες: |
Προσθήκη ετικέτας
Δεν υπάρχουν, Καταχωρήστε ετικέτα πρώτοι!
|
MARC
| LEADER | 00000 a a2200000 04500 | ||
|---|---|---|---|
| 001 | 40785 | ||
| 003 | |||
| 040 | |||
| 100 | |a Giarraca, Norma | ||
| 245 | |a La protesta agrorural en la Argentina / |c Norma Giarraca | ||
| 650 | |a MOVIMIENTOS CAMPESINOS | ||
| 650 | |a MOVIMIENTOS SOCIALES | ||
| 650 | |a TENENCIA DE LA TIERRA | ||
| 650 | |a ARGENTINA | ||
| 650 | |a MOVIMIENTOS CAMPESINOS | ||
| 773 | |g páginas 195-208 | ||
| 999 | |c 19811 |d 19811 | ||
